Statistics for European Capitals - Satellite Map Quiz

Click here to take the quiz!

General Stats

  • This quiz has been taken 29 times
  • The average score is 39 of 44

Answers on the Map

Answers color-coded by a green-red scale on the quiz's map according to % correct below.
Loading ...
 

Answer Stats

Answer% Correct
London
100%
Lisbon
100%
Dublin
100%
Madrid
96%
Paris
96%
Reykjavik
91%
Athens
91%
Moscow
91%
Helsinki
91%
Oslo
91%
Copenhagen
91%
Warsaw
91%
Zagreb
91%
Monaco
91%
Luxembourg
91%
Brussels
91%
Amsterdam
91%
Valletta
91%
Rome/Vatican
91%
San Marino
87%
Vienna
87%
Stockholm
87%
Berlin
87%
Prague
87%
Vilnius
87%
Andorra la Vella
87%
Riga
87%
Bern
87%
Ljubljana
87%
Sarajevo
87%
Minsk
87%
Podgorica
87%
Sofia
87%
Pristina
87%
Skopje
87%
Kiev
87%
Tallinn
87%
Budapest
83%
Bratislava
83%
Vaduz
83%
Belgrade
83%
Tirana
83%
Chisinau
78%
Bucharest
78%

Score Distribution

Percentile by Number Answered

Percent of People with Each Score

Your Score History

You have not taken this quiz